Catálogo
 En Linea

Papeles dominicanos de Máximo Gómez / (Registro nro. 26798)

Detalles MARC
000 -CABECERA
campo de control de longitud fija 00745nam a2200205 a 4500
001 - NÚMERO DE CONTROL
campo de control 000027306
005 - FECHA Y HORA DE LA ÚLTIMA TRANSACCIÓN
campo de control 20240305073654.0
008 - DATOS DE LONGITUD FIJA--INFORMACIÓN GENERAL
campo de control de longitud fija 110331s1954 dr 001 0 spa d
040 ## - FUENTE DE LA CATALOGACIÓN
Centro catalogador/agencia de origen DO-SdBNP
Lengua de catalogación spa
Centro/agencia transcriptor BNPHU
082 ## - NÚMERO DE LA CLASIFICACIÓN DECIMAL DEWEY
Número de clasificación 923.57293
Número de documento/Ítem G633r
049 ## - FONDOS LOCALES (OCLC)
Fondos de biblioteca BNPD
100 1# - ENTRADA PRINCIPAL--NOMBRE DE PERSONA
Nombre de persona Rodríguez Demorizi, Emilio,
Fechas asociadas al nombre 1908-1986
9 (RLIN) 1039
245 10 - MENCIÓN DE TÍTULO
Título Papeles dominicanos de Máximo Gómez /
Mención de responsabilidad, etc. Emilio Rodríguez Demorizi.
260 ## - PUBLICACIÓN, DISTRIBUCIÓN, ETC.
Lugar de publicación, distribución, etc. Ciudad Trujillo, República Dominicana :
Nombre del editor, distribuidor, etc. Montalvo,
Fecha de publicación, distribución, etc. 1954.
300 ## - DESCRIPCIÓN FÍSICA
Extensión 444 p. ;
Dimensiones 23 cm.
500 ## - NOTA GENERAL
Nota general Incluye índice de personas y lugares
504 ## - NOTA DE BIBLIOGRAFÍA, ETC.
Nota de bibliografía, etc. Incluye referencias bibliográficas y notas al pie de las páginas
600 10 - PUNTO DE ACCESO ADICIONAL DE MATERIA--NOMBRE DE PERSONA
Nombre de persona Gómez, Máximo,
Fechas asociadas al nombre 1836-1905
9 (RLIN) 12249
910 ## - DATOS DE OPCIÓN DEL USUARIO (OCLC)
Datos de opción del usuario Validado. Control de calidad BNPHU.
Existencias
Estado de retiro Estado de pérdida Restricciones de uso No para préstamo Código de colección Localización permanente Ubicación/localización actual Ubicación en estantería Fecha de adquisición Número de inventario Total de préstamos Signatura topográfica completa Código de barras Fecha visto por última vez Precio válido a partir de Tipo de ítem Koha Nota pública Número de copia
      Excluido de préstamo Raros y valiosos Patrimonio Dominicano Patrimonio Dominicano Depósito 31.03.2011 LF1   923.57293 G633r 27306-10 25.06.2020 25.06.2020 No se presta Perteneció a la biblioteca personal de Carlos Larrabazal Blanco.  
      Excluido de préstamo Raros y valiosos Patrimonio Dominicano Patrimonio Dominicano Depósito 05.04.2011 LF1   923.57293 G633r 27306-20 25.06.2020 25.06.2020 No se presta Dedicado e. 2
        Raros y valiosos Patrimonio Dominicano Patrimonio Dominicano Depósito 01.06.2011 LF1   923.57293 G633r 27306-40 25.06.2020 25.06.2020 Préstamo en sala Dedicado e. 3
        Raros y valiosos Patrimonio Dominicano Patrimonio Dominicano Depósito 14.07.2011 LF1   923.57293 G633r 27306-50 25.06.2020 25.06.2020 Préstamo en sala Perteneció a la biblioteca personal de Carlos Larrazabal Blanco. e. 4
        Raros y valiosos Patrimonio Dominicano Patrimonio Dominicano Depósito 18.06.2015 LF1   923.57293 G633r 27306-60 25.06.2020 25.06.2020 Préstamo en sala Perteneció a la biblioteca personal de Carmen Herrera. e. 5

Con tecnología Koha